| 000 | 01354nam a2200337 i 4500 | ||
|---|---|---|---|
| 003 | EG-GICUC | ||
| 005 | 20260401180024.0 | ||
| 008 | 260401s1993 ua ||||fr|||| 000 0 ara d | ||
| 040 |
_a EG-GICUC _bara _c EG-GICUC _d EG-GICUC _erda |
||
| 041 | 0 | _aara | |
| 082 | 0 | 4 |
_221 _a257.3 _bج ا . أ |
| 092 | 0 | 4 | _221 |
| 099 | _aLaw1 01 257.3 ج ا . أ 1993 | ||
| 100 | 0 |
_aجابر على مهران. _eمؤلف. |
|
| 245 | 1 | 2 |
_aالأحتكار والتسعير في الشريعة الإسلامية / _cجابر على مهران. |
| 264 | 1 |
_aأسيوط : _bجامعة أسيوط، _c1993. |
|
| 300 |
_a116 صفحة ؛ _c24 سم. |
||
| 336 |
_2rda content _atext |
||
| 337 |
_2rda media _aComputer |
||
| 338 |
_2rda carrier _aOnline Resource |
||
| 500 | _aمستلة من مجلة الدراسات القانونية - تصدرها كلية الحقوق بجامعة أسيوط - العدد الخامس عشر. | ||
| 504 | _aيشتمل على إرجاعات ببليوجرافية. | ||
| 504 | _aببليوجرافيا: صفحات 103-111. | ||
| 546 | _aالنص باللغة العربية | ||
| 630 | _aالنظم الإسلامية - النظام الاقتصادي | ||
| 650 | 1 |
_aالحكم _2qrmak |
|
| 651 | 1 | _2qrmak | |
| 856 | 4 | 0 | _uhttps://fll.law.cu.edu.eg/fulltext/bks/B01-03797.pdf |
| 905 | _a62 | ||
| 942 |
_2ddc _n0 _cBK _e21 |
||
| 999 |
_c68195 _d68195 |
||